United States 'D' Geography Quiz Stats

 Plays Quiz Updated Jun 19, 2018

Challenge
Share
Tweet
Embed
Score 0/14 Timer 05:00
0 Plays Today
Hint Answer % Correct
The first stateDelaware
97.6%
The largest city in Michigan, also known as the Motor CityDetroit
97%
State capital of ColoradoDenver
96.8%
The third largest city in Texas and the site of the assassination of president John F. KennedyDallas
96.7%
The region of the United States that houses the capitolDistrict of Columbia
93.3%
State capital of IowaDes Moines
89.4%
The collective name for two states in the Northern MidwestThe Dakotas
85.7%
Hint Answer % Correct
State capital of the only state starting with 'D'Dover
83.4%
A city on Florida's Atlantic coast famous for its annual 500-mile NASCAR raceDaytona Beach
82.5%
National Park home to the lowest point in the United StatesDeath Valley National Park
74.7%
Renowned theme park in Anaheim, known as 'The Happiest Place on Earth'Disneyland
74.1%
A city in North Carolina that is home to Duke UniversityDurham
69.6%
National Park home to the highest point in the United StatesDenali National Park
65.6%
A historic town in Kansas known for its history as a frontier town of the Old WestDodge City
44.2%

You're not logged in!

Compare scores with friends on all Sporcle quizzes.
Join for Free
OR
Log In

You Might Also Like...

Show Comments

Extras

Top Quizzes Today


Score Distribution

Your Account Isn't Verified!

In order to create a playlist on Sporcle, you need to verify the email address you used during registration. Go to your Sporcle Settings to finish the process.

Report this User

Report this user for behavior that violates our Community Guidelines.

Details: